[Event "BL 0809 SV Wattenscheid - SF Katernberg"]
[Site "?"]
[Date "2008.10.05"]
[Round "1.1"]
[White "Motylev, Alexander"]
[Black "Najer, Evgeniy"]
[Result "1/2-1/2"]
[WhiteElo "2674"]
[BlackElo "2670"]
[PlyCount "134"]
[EventDate "2008.??.??"]

1. e4 e6 2. d4 d5 3. Nc3 Nf6 4. Bg5 dxe4 5. Nxe4 Nbd7 6. Nf3 h6 7. Nxf6+ Nxf6
8. Be3 Nd5 9. Bd2 c5 10. Bb5+ Bd7 11. Bxd7+ Qxd7 12. c4 Nb6 13. Rc1 Rc8 14.
dxc5 Bxc5 15. b4 Be7 16. c5 Nd5 17. Ne5 Qc7 18. Qa4+ Kf8 19. Nd3 Bg5 20. Qxa7
Nxb4 21. Bxb4 Bxc1 22. c6+ Kg8 23. cxb7 Rb8 24. Ba5 Rxb7 25. Qa8+ Kh7 26. Qxh8+
Kxh8 27. Bxc7 Rxc7 28. Ke2 Bg5 29. Nb4 Be7 30. Rb1 Ra7 31. Rb3 Bxb4 32. Rxb4
Rxa2+ 33. Ke3 Kh7 34. h4 Ra3+ 35. Ke2 Ra5 36. g3 Kg6 37. Rg4+ Kf6 38. Rf4+ Rf5
39. Rg4 Rd5 40. Rf4+ Ke7 41. Rg4 g6 42. Ra4 Rd7 43. Ra5 Kf6 44. Ke3 Rd5 45. Ra7
Rf5 46. Rb7 g5 47. hxg5+ Kxg5 48. Rb4 h5 49. Ke2 Rf6 50. Kf1 Rh6 51. Kg2 h4 52.
Kh3 hxg3+ 53. Kxg3 Rh1 54. Rb5+ Kg6 55. Kf3 Rh5 56. Rb7 Ra5 57. Kg3 e5 58. Rb4
Kg5 59. Rg4+ Kf5 60. Rb4 Rd5 61. f3 Rd2 62. Rb6 Rd3 63. Rb4 Ke6 64. Kf2 f5 65.
Ke2 Rc3 66. Rb6+ Kd5 67. Rb2 Kc4 1/2-1/2

[Event "BL 0809 SV Wattenscheid - SF Katernberg"]
[Site "?"]
[Date "2008.10.05"]
[Round "1.2"]
[White "Macieja, Bartlomiej"]
[Black "Laznicka, Viktor"]
[Result "1-0"]
[WhiteElo "2606"]
[BlackElo "2601"]
[PlyCount "53"]
[EventDate "2008.??.??"]

1. e4 c5 2. Nf3 e6 3. d4 cxd4 4. Nxd4 Nc6 5. Nc3 d6 6. Be3 Nf6 7. Be2 Be7 8.
Qd2 O-O 9. O-O-O a6 10. f4 Nd7 11. Bf3 Rb8 12. Nce2 Qc7 13. g4 Na5 14. b3 b5
15. g5 Nc5 16. Kb1 Bb7 17. Ng3 Rfc8 18. f5 e5 19. Nde2 Bf8 20. f6 g6 21. h4 Na4
22. Ka1 d5 23. exd5 Qd6 24. bxa4 Qa3 25. Qd3 Qxa4 26. Be4 Rc4 27. h5 1-0

[Event "BL 0809 SV Wattenscheid - SF Katernberg"]
[Site "?"]
[Date "2008.10.05"]
[Round "1.3"]
[White "L'Ami, Erwin"]
[Black "Rustemov, Alexander"]
[Result "1-0"]
[WhiteElo "2610"]
[BlackElo "2547"]
[PlyCount "85"]
[EventDate "2008.??.??"]

1. d4 d5 2. c4 e6 3. Nc3 Be7 4. Nf3 Nf6 5. Bg5 h6 6. Bh4 O-O 7. e3 b6 8. Be2
dxc4 9. Bxc4 Bb7 10. O-O Nbd7 11. Rc1 a6 12. Qe2 b5 13. Bb3 c5 14. Rfd1 c4 15.
Bc2 Nd5 16. Bxe7 Qxe7 17. e4 Nxc3 18. bxc3 Qa3 19. Bb1 Rfe8 20. Nd2 e5 21. Nf3
Qe7 22. Re1 Rad8 23. Rcd1 exd4 24. Nxd4 Nc5 25. f3 Na4 26. Qe3 Qa3 27. Ne2 b4
28. Qa7 Bc8 29. Rxd8 Rxd8 30. Qe7 Rf8 31. Qxb4 Qxb4 32. cxb4 Rd8 33. Bc2 Nb2
34. Nc3 Rd2 35. Re2 Rd8 36. a3 Kf8 37. Kf2 f5 38. Ke3 Nd3 39. Nd5 Ne5 40. Kd4
Nf7 41. Kxc4 Be6 42. Kd4 Nd6 43. Bd3 1-0

[Event "BL 0809 SV Wattenscheid - SF Katernberg"]
[Site "?"]
[Date "2008.10.05"]
[Round "1.4"]
[White "Czarnota, Pawel"]
[Black "Glek, Igor V"]
[Result "1/2-1/2"]
[WhiteElo "2526"]
[BlackElo "2512"]
[PlyCount "37"]
[EventDate "2008.??.??"]

1. e4 e6 2. d4 d5 3. Nd2 c5 4. exd5 Qxd5 5. Ngf3 cxd4 6. Bc4 Qd6 7. O-O Nf6 8.
Nb3 Nc6 9. Nbxd4 Nxd4 10. Nxd4 a6 11. Bb3 Bd7 12. Be3 Qc7 13. h3 Bd6 14. Qe2
O-O 15. Rad1 Bh2+ 16. Kh1 Bf4 17. Rfe1 Bxe3 18. Qxe3 Rfd8 19. Kg1 1/2-1/2

[Event "BL 0809 SV Wattenscheid - SF Katernberg"]
[Site "?"]
[Date "2008.10.05"]
[Round "1.5"]
[White "Seel, Christian"]
[Black "Appel, Ralf"]
[Result "0-1"]
[WhiteElo "2494"]
[BlackElo "2541"]
[PlyCount "120"]
[EventDate "2008.??.??"]

1. Nf3 Nf6 2. c4 e6 3. Nc3 d5 4. d4 dxc4 5. e4 Bb4 6. Bg5 h6 7. Bxf6 Qxf6 8.
Bxc4 O-O 9. O-O Bxc3 10. bxc3 Rd8 11. Qe2 Bd7 12. Rab1 b6 13. Bd3 Bc6 14. e5
Qe7 15. Be4 Bxe4 16. Qxe4 Nd7 17. Nd2 Nf8 18. Nc4 Rac8 19. f4 Qd7 20. f5 exf5
21. Rxf5 Qd5 22. Qxd5 Rxd5 23. Rbf1 Rd7 24. a4 Re8 25. Rd1 Red8 26. Rf2 Ng6 27.
Rfd2 a6 28. Rb1 Re8 29. Rbd1 Nf4 30. Kf2 Nd5 31. Rd3 Re6 32. Ne3 f6 33. exf6
Rxf6+ 34. Kg1 Nf4 35. R3d2 Re6 36. Re1 Rde7 37. Kf2 Rf7 38. Kg1 Nd5 39. Rd3
Rfe7 40. Kf2 Rf6+ 41. Kg1 Rc6 42. Kf2 Nf4 43. Rd2 Rxc3 44. Nd1 Rd3 45. Rc2 Rf7
46. Kg1 a5 47. g3 Nd5 48. Rc4 Rd2 49. Kh1 Rf3 50. Kg1 Kh7 51. Rc1 Rxd4 52. Ra1
Rd2 53. Re5 c5 54. Rc1 Ra3 55. Nf2 Raa2 56. Rf5 Rxa4 57. Re1 Rad4 58. Re8 c4
59. Ne4 c3 60. Rff8 c2 0-1

[Event "BL 0809 SV Wattenscheid - SF Katernberg"]
[Site "?"]
[Date "2008.10.05"]
[Round "1.6"]
[White "Holzke, Frank Dr"]
[Black "Siebrecht, Sebastian"]
[Result "1/2-1/2"]
[WhiteElo "2516"]
[BlackElo "2453"]
[PlyCount "61"]
[EventDate "2008.??.??"]

1. e4 c5 2. Nf3 e6 3. d4 cxd4 4. Nxd4 a6 5. Nc3 Qc7 6. Bd3 g6 7. O-O Bg7 8. Be3
d6 9. Qd2 Nd7 10. Rad1 Ne5 11. Be2 Nf6 12. Nb3 Bf8 13. f4 Neg4 14. Bxg4 Nxg4
15. Bd4 Rg8 16. h3 Nh6 17. f5 gxf5 18. exf5 Bd7 19. Nd5 exd5 20. Qe3+ Be7 21.
Qxh6 Qxc2 22. Rd2 Qe4 23. Bf6 O-O-O 24. Bxe7 Qxe7 25. Nd4 Qe5 26. Rf3 Rde8 27.
Rfd3 Qe1+ 28. Kh2 Qe5+ 29. Kg1 Qe1+ 30. Kh2 Qe5+ 31. Kg1 1/2-1/2

[Event "BL 0809 SV Wattenscheid - SF Katernberg"]
[Site "?"]
[Date "2008.10.05"]
[Round "1.7"]
[White "Ris, Robert"]
[Black "Handke, Florian"]
[Result "0-1"]
[WhiteElo "2415"]
[BlackElo "2498"]
[PlyCount "124"]
[EventDate "2008.??.??"]

1. e4 c5 2. Nf3 e6 3. d4 cxd4 4. Nxd4 Nc6 5. Nc3 Qc7 6. Be3 a6 7. Qd2 Nf6 8.
O-O-O Bb4 9. f3 b5 10. Bf4 Ne5 11. Nc6 Qxc6 12. Bxe5 Be7 13. g4 b4 14. Ne2 O-O
15. Bd6 Bxd6 16. Qxd6 Qxd6 17. Rxd6 Rb8 18. b3 Rd8 19. Kb2 Kf8 20. Rd2 Bb7 21.
g5 Ng8 22. Bg2 Ne7 23. Rhd1 Ke8 24. f4 a5 25. Nd4 Ng6 26. f5 Ne5 27. Nb5 Ba8
28. Nd6+ Ke7 29. h4 Rb6 30. Rf2 f6 31. Rfd2 Rbb8 32. Bh3 Bc6 33. Bf1 Nf3 34.
Rd3 Nxh4 35. gxf6+ Kxf6 36. Rh3 g5 37. fxg6 Nxg6 38. Rxh7 Ne5 39. Be2 Rh8 40.
Rf1+ Kg6 41. Re7 Rbf8 42. Rg1+ Kf6 43. Reg7 Rh2 44. R7g2 Rxg2 45. Rxg2 Ke7 46.
Nc4 Nxc4+ 47. Bxc4 Bxe4 48. Rh2 d5 49. Ba6 Kd6 50. a3 Rf3 51. axb4 axb4 52. Kc1
Rg3 53. Bf1 Kc5 54. Bh3 e5 55. Bf1 Rg1 56. Rf2 Kd4 57. Kd2 Rg3 58. Be2 Rg2 59.
Rxg2 Bxg2 60. Bh5 e4 61. Bf7 e3+ 62. Kd1 Bf3+ 0-1

[Event "BL 0809 SV Wattenscheid - SF Katernberg"]
[Site "?"]
[Date "2008.10.05"]
[Round "1.8"]
[White "Dinstuhl, Volkmar Dr"]
[Black "Scholz, Christian"]
[Result "1/2-1/2"]
[WhiteElo "2436"]
[BlackElo "2372"]
[PlyCount "50"]
[EventDate "2008.??.??"]

1. d4 d5 2. c4 dxc4 3. Nf3 Nf6 4. e3 e6 5. Bxc4 c5 6. Qe2 a6 7. dxc5 Bxc5 8.
O-O b5 9. Bd3 Nbd7 10. Nbd2 O-O 11. Nb3 Bb7 12. e4 e5 13. Bd2 Bb6 14. a4 bxa4
15. Rxa4 Bc6 16. Raa1 Bb5 17. Bxb5 axb5 18. Bb4 Re8 19. Nfd2 Qc7 20. Rxa8 Rxa8
21. Rc1 Qb7 22. Kf1 h6 23. g3 Rc8 24. Rc3 Rxc3 25. bxc3 Qc6 1/2-1/2